000
00282nam a22001337a 4500
020
_a
978-81-87552-12-3
041
_a
ENG
100
_a
Chavan .U.P
245
_a
Sayabean Prakriya
260
_a
Pune
_b
Univeral Pub
_c
2010
300
_a
138
650
_a
APE
856
_u
APE ( 2 )
999
_c
2588
_d
2588